Guide to best practice in tourism and destination management (Record no. 208620)

MARC details
000 -LEADER
fixed length control field 00396nam a2200145Ia 4500
008 - FIXED-LENGTH DATA ELEMENTS--GENERAL INFORMATION
fixed length control field 231221s9999 xx 000 0 und d
020 ## - INTERNATIONAL STANDARD BOOK NUMBER
International Standard Book Number 978-0-86612-250-4
041 ## - LANGUAGE CODE
Language code of text/sound track or separate title English
082 ## - DEWEY DECIMAL CLASSIFICATION NUMBER
Classification number 910.68 HAR;1 R
100 ## - MAIN ENTRY--PERSONAL NAME
Personal name Harrill, Rich
245 #0 - TITLE STATEMENT
Title Guide to best practice in tourism and destination management
260 ## - PUBLICATION, DISTRIBUTION, ETC.
Date of publication, distribution, etc. 2003
Name of publisher, distributor, etc. AH & LEI
Place of publication, distribution, etc. Lansing MI
300 ## - PHYSICAL DESCRIPTION
Extent xxiii+117
942 ## - ADDED ENTRY ELEMENTS (KOHA)
Koha item type Hotel Management Library
Holdings
Date last seen Total checkouts Full call number Accession number Uniform resource identifier Cost, total (INR) price Price effective from Category Lost status Damaged status Department Withdrawn status Home library Current library Shelving location Entry date Vendor Cost, normal purchase price Grants Billnumber Billdate Currency symbol Conversion rate Discount Old discount
26/01/2024   910.68 HAR;1 R HM1358 digital/contents/HM1358.pdf 1351.42 26/01/2024 Hotel Management Library     HEM   Central Library Central Library HM   Publisher 27.58 HM 100065000 01/10/2011 USD 49    

© For any Suggestions or Query, please contact the library staff @ librarian@pes.edu or Phone: +9180 2672 1983/ 2108.